00732cam a2200205 4500001000500000005001700005008003900022010001600061020002000077043001200097100002000109245008100129260003200210300005100242500002000293504003200313651004600345999001500391952012000406553020181127175717.0820923s1982 enkaf b 001 0 eng a 82134893 a9780719564499c aa-cc-ti1 aHopkirk, Peter.10aTrespassers on the roof of the world :bthe race for Lhasa /cPeter Hopkirk. aLondon :bJ. Murray,c2006. ax, 274 p., [20] p. of plates :bill. ;c23 cm. aIncludes index. aBibliography: p. [267]-269. 0aTibet Autonomous Region (China)xHistory. c4656d4656 00102ddc40708MAINaRTCLIBbRTCLIBcMAINh i8875l0o915.1 HOPp30008875r2018-11-27 00:00:00w2018-11-27yMAIN